The Organization of diplomatic and consular services (Record no. 478958)

000 -LEADER
fixed length control field 00416cam a22001337a 4500
008 - FIXED-LENGTH DATA ELEMENTS--GENERAL INFORMATION
fixed length control field 180718b1956 xxu||||| |||| 00| 0 eng d
082 ## - DEWEY DECIMAL CLASSIFICATION NUMBER
Classification number D11 D334
100 ## - MAIN ENTRY--PERSONAL NAME
Personal name Dayal, Harishwar
245 ## - TITLE STATEMENT
Title The Organization of diplomatic and consular services
Statement of responsibility, etc. by Harishwar Dayal
260 ## - PUBLICATION, DISTRIBUTION, ETC.
Place of publication, distribution, etc. Delhi
Name of publisher, distributor, etc. ICWR
Date of publication, distribution, etc. 1956
300 ## - PHYSICAL DESCRIPTION
Extent 14p.
500 ## - GENERAL NOTE
General note Reprint from India Qtly, July-Sept. 1956
650 ## - SUBJECT ADDED ENTRY--TOPICAL TERM
Topical term or geographic name entry element Diplomatic and Consular Service
Holdings
Withdrawn status Lost status Damaged status Not for loan Permanent Location Current Location Date acquired Full call number Barcode Date last seen Price effective from Koha item type
        Indian Institute of Public Administration Indian Institute of Public Administration 2018-08-04 D11 D334 GR4300 2018-08-04 2018-08-04 GR

Powered by Koha